Alternatívne prístupy k hodnoteniu podnikovej výkonnosti a efektívnosti správa o riešení projektu mladých učiteľov, vedeckých pracovníkov a doktorandov č. I-17-103-00 : rok riešenia projektu 2017

Gespeichert in:
Bibliographische Detailangaben
1. Verfasser: Hurný, František
Weitere Verfasser: Kerbčárová, Daniela, 1989-, Kubíková, Zuzana, Lacko, Roman, 1988-, Vrtíková, Kristína, Smorada, Marián, 1984-, Mesároš, Peter
Format: Buch
Sprache:Slowakisch
Veröffentlicht: Bratislava 2017
Schlagworte:
Tags: Tag hinzufügen
Keine Tags, Fügen Sie das erste Tag hinzu!

MARC

LEADER 00000nam a2200000 4500
001 0240433
005 20240530125332.7
041 0 |a slo 
044 |a SK 
245 1 0 |a Alternatívne prístupy k hodnoteniu podnikovej výkonnosti a efektívnosti  |b správa o riešení projektu mladých učiteľov, vedeckých pracovníkov a doktorandov č. I-17-103-00 : rok riešenia projektu 2017  |c zodpovedný riešiteľ: František Hurný, spoluriešitelia: Daniela Kerbčárová, Zuzana Kubíková, Roman Lacko, Kristína Vrtíková ; posudzovatelia: Marián Smorada, Peter Mesároš 
264 1 |a Bratislava  |c 2017 
300 |a 8 s.  |e 8 príloh 
610 2 0 |a výkonnosť podniku 
610 2 0 |a efektívnosť 
610 2 0 |a efektívnosť ekonomická 
610 2 0 |a podnik zahraničný 
610 2 0 |a metódy 
610 2 0 |a analýza dát 
100 1 |a Hurný, František 
700 1 |a Kerbčárová, Daniela, 1989- 
700 1 |a Kubíková, Zuzana 
700 1 |a Lacko, Roman, 1988- 
700 1 |a Vrtíková, Kristína 
700 1 |a Smorada, Marián, 1984- 
700 1 |a Mesároš, Peter